[Event "Mangini mem"]
[Site "Rio de Janeiro"]
[Date "1999.??.??"]
[Round "3"]
[White "Da Silva, Paolo Ghiu"]
[Black "Cantanhede, Hilwan A Wanderley"]
[Result "1-0"]
[WhiteElo "2000"]
[BlackElo "2000"]

1.d4 d5 2.c4 c6 3.e3 e6 4.Nc3 Nf6 5.Nf3 Nbd7 6.cxd5 exd5 7.Bd3 Bb4 8.Bd2 O-O
9.O-O Ba5 10.Rc1 Re8 11.Qc2 Bc7 12.b4 Nf8 13.b5 Bg4 14.bxc6 bxc6 15.Be2 Rc8
16.Na4 Ng6 17.Nc5 Bb8 18.h3 Bxf3 19.Bxf3 Nh4 20.Be2 Ne4 21.g3 Qg5 22.Nxe4 dxe4
23.Qc5 Qg6 24.Kh2 Nf3+ 25.Bxf3 exf3 26.Qc2 Qf6 27.Qa4 Re4 28.Qa6 Qe6 29.Qc4 Qd7
30.Rfd1 Rh4 31.Qf1 g5 32.Rc5 g4 33.Rg5+ Kh8 34.d5 cxd5 35.Bc1 Rxc1 36.Rxc1 Rxh3+
37.Kg1 f6 38.Qb5 Qd8 39.Qxd5 Qe8 40.Qf7 Rxg3+  1-0

[Event "CXG R.Sa mem-A"]
[Site "Rio de Janeiro"]
[Date "1999.??.??"]
[Round "4"]
[White "Sant'Ana, Ricardo"]
[Black "Rabello, David Souza"]
[Result "1-0"]
[WhiteElo "2110"]
[BlackElo "2060"]

1.d4 d5 2.Nf3 Nf6 3.c4 e6 4.Nc3 c6 5.e3 Bb4 6.Bd2 Nbd7 7.Qc2 Nb6 8.b3 Bd7
9.a3 Be7 10.c5 Nc8 11.Bd3 b6 12.b4 a5 13.Rb1 Bf8 14.O-O axb4 15.axb4 Ne7
16.Ne5 b5 17.Ra1 Ng6 18.f4 Be7 19.Nxb5 cxb5 20.c6 Rc8 21.cxd7+ Nxd7 22.Qd1 Ndxe5
23.fxe5 Qd7 24.Qg4 O-O 25.Rf3 Ra8 26.Ra5 Rfb8 27.Rh3 Bd8 28.Bxb5 Qc8 29.Rxa8 Rxa8
30.Qd1 Ra2 31.e4 Qa8 32.Rc3 dxe4 33.Bc6 Qa7 34.Be3 Bb6 35.Bxe4 Ra1 36.Bb1 Bxd4
37.Rc8+ Nf8 38.Bxd4 Rxb1 39.Bxa7 Rxd1+ 40.Kf2 Rd5 41.Bc5 Rxc5 42.bxc5 f6
43.c6 Kf7 44.Rxf8+  1-0

[Event "Santiago op"]
[Site "Santiago"]
[Date "1999.??.??"]
[Round "5"]
[White "Urday, Henry"]
[Black "Zamora, Carlos"]
[Result "1-0"]
[WhiteElo "2486"]
[BlackElo "2205"]

1.d4 d5 2.c4 c6 3.Nf3 Nf6 4.Nc3 e6 5.e3 Nbd7 6.Qc2 Bd6 7.Be2 O-O 8.O-O b6
9.e4 dxe4 10.Nxe4 Nxe4 11.Qxe4 Bb7 12.Rd1 Qe7 13.Bg5 f6 14.Bf4 Rae8 15.Bxd6 Qxd6
16.c5 Qd5 17.Qc2 b5 18.a4 a6 19.Bd3 g6 20.Be4 Qh5 21.axb5 axb5 22.Ra7 Rb8
23.Qb3 Rfe8 24.Re1 Nxc5 25.dxc5 Qxc5 26.Raa1 Qb6 27.Rac1 c5 28.Bxb7 Rxb7
29.Qc3 e5 30.Qxc5 Qxc5 31.Rxc5 Rd8 32.g3 Kf7 33.Kg2 Rd3 34.Re4 b4 35.Re3  1-0

[Event "Santiago op"]
[Site "Santiago"]
[Date "1999.??.??"]
[Round "8"]
[White "Vasquez, Rodrigo"]
[Black "Valenzuela, Luis"]
[Result "1-0"]
[WhiteElo "2433"]
[BlackElo "2419"]

1.d4 d5 2.Nf3 c6 3.c4 Nf6 4.Nc3 e6 5.e3 Nbd7 6.Qc2 Bd6 7.b3 O-O 8.Be2 Re8
9.O-O Qe7 10.Rd1 b6 11.e4 Nxe4 12.Nxe4 dxe4 13.Qxe4 Bb7 14.Ne5 f5 15.Qe3 Rad8
16.Qg3 Nf6 17.Bg5 c5 18.Bf3 cxd4 19.Bxb7 Bxe5 20.Qxe5 Qxb7 21.Rd3 Qf7 22.Rad1 Ng4
23.Qg3 Rd7 24.f3 Nf6 25.Qe5 h6 26.Bh4 Red8 27.Bf2 Qe7 28.Rxd4 Kf7 29.h3 Rxd4
30.Rxd4 Rxd4 31.Bxd4 Qa3 32.Qe2 Qc1+ 33.Kf2 Nd7 34.Qd3 Nf6 35.Be5 Kg6 36.b4 Kf7
37.g4 f4 38.h4 a6 39.g5 hxg5 40.hxg5 Ne8 41.a4 Kf8 42.b5 axb5 43.axb5 Kf7
44.Ke2 Kg8 45.Qe4 Qg1 46.Bxf4 Qg2+ 47.Kd1 Kf8 48.Bd2 Kf7 49.Qd3 Kg8 50.Kc1 Kh8
51.Qd7 Qh1+ 52.Kb2 Qh5 53.Qxe6 Kh7 54.Bf4 Qg6 55.Qxg6+ Kxg6 56.c5 Kf5 57.cxb6  1-0

[Event "Santiago op"]
[Site "Santiago"]
[Date "1999.??.??"]
[Round "9"]
[White "Araya, Mario"]
[Black "Guerb, Leonid"]
[Result "0-1"]
[WhiteElo "2150"]
[BlackElo "2265"]

1.d4 d5 2.c4 e6 3.Nc3 c6 4.e3 Nf6 5.Nf3 Nbd7 6.Bd3 dxc4 7.Bxc4 b5 8.Bd3 b4
9.Na4 c5 10.dxc5 Nxc5 11.Nxc5 Bxc5 12.e4 h6 13.O-O O-O 14.e5 Nd7 15.Qe2 Bb7
16.Be4 Qb6 17.Bxb7 Qxb7 18.Be3 Be7 19.Rfd1 Rfd8 20.Rac1 Rac8 21.Rxc8 Rxc8
22.h3 a5 23.Qd3 Nf8 24.Nd4 Ng6 25.Nf3 a4 26.Kf1 Rd8 27.Qe2 Rxd1+ 28.Qxd1 Qb5+
29.Ke1 Nxe5 30.Nxe5 Qxe5 31.Qxa4 Qxb2 32.g3 Qb1+ 33.Ke2 Bf6 34.Qb3 Qe4 35.Qd3 Qh1
36.Qc4 Bc3 37.a3 Qe1+  0-1

[Event "Itau Mercosul Cup 3rd"]
[Site "Sao Paulo"]
[Date "1999.??.??"]
[Round "3"]
[White "Matsuura, Everaldo"]
[Black "Aranha Filho, Alvaro Z"]
[Result "1/2-1/2"]
[WhiteElo "2408"]
[BlackElo "2236"]

1.c4 e6 2.d4 Nf6 3.Nc3 d5 4.Nf3 c6 5.e3 Nbd7 6.Qc2 Bd6 7.b3 O-O 8.Be2 b6
9.O-O Bb7 10.e4 dxe4 11.Nxe4 Be7 12.Bb2 c5 13.Ng3 Qc7 14.Rfe1 Rfe8 15.Rad1 Rad8
16.a3 cxd4 17.Nxd4 Nf8 18.Nb5 Qb8 19.Bd3 N6d7 20.Nh5 e5 21.Be4 Bxe4 22.Qxe4 Ng6
23.Nc3 Nc5 24.Qc2 Rxd1 25.Rxd1 Rd8 26.Nd5 Bf8 27.h3 Ne6 28.a4 a5 29.Qf5 Bc5
30.Re1 Nd4 31.Bxd4 Bxd4 32.h4 Qd6 33.Ng3 Ne7  1/2-1/2

[Event "Sao Paulo1"]
[Site "Sao Paulo"]
[Date "1999.??.??"]
[Round "6"]
[White "Aranha Filho, Alvaro Z"]
[Black "Caldeira, Adriano"]
[Result "0-1"]
[WhiteElo "2236"]
[BlackElo "2245"]

1.d4 Nf6 2.Nf3 e6 3.c4 d5 4.Nc3 c6 5.e3 Nbd7 6.Qc2 Bd6 7.g4 e5 8.g5 exd4
9.Nxd4 Ne4 10.Nxe4 dxe4 11.Qxe4+ Kf8 12.f4 h6 13.Nf3 Nc5 14.Qd4 Bg4 15.gxh6 Rxh6
16.Be2 Qe7 17.Bd2 Ne4 18.Ng5 Nxg5 19.Bxg4 Ne4 20.Ke2 Rd8 21.Bc3 Nxc3+ 22.bxc3 Bc5
23.Qe5 Qxe5 24.fxe5 Re8 25.e6 fxe6 26.Rad1 Ke7 27.h3 Rf8 28.Rhf1 Rxf1 29.Rxf1 Rg6
30.Rf4 Rg5 31.Kd3 Bd6 32.Re4 Rg6 33.Ke2 Rf6 34.Kd3 c5 35.Kc2 Bg3 36.Kb3 e5
37.Bc8 g5 38.Rg4 Bh4 39.Re4 Kd8 40.Bg4 Bg3 41.Bh5 Kc7 42.Rg4 Bh4 43.Re4 Kd6
44.Bg4 Rf2 45.Bc8 Rh2 46.Bg4 Be1 47.Bc8 Bd2 48.a4 a5 49.Bxb7 Rxh3 50.Bc8 Rg3
51.Rg4 Rxe3 52.Kc2 Re2 53.Bf5 Bf4+ 54.Kb3 e4 55.Rg1 Ke5 56.Bg4 Rd2 57.Re1 e3
58.Re2 Ke4 59.Bh5 Rxe2 60.Bxe2 g4  0-1

[Event "Staufer-Open 11th"]
[Site "Schwaebisch Gmuend"]
[Date "1999.??.??"]
[Round "1"]
[White "Kekelidze, Mikheil"]
[Black "Kiefer, Karl"]
[Result "1-0"]
[WhiteElo "2455"]
[BlackElo "1820"]

1.Nf3 d5 2.d4 Nf6 3.c4 e6 4.Nc3 c6 5.e3 Nbd7 6.Bd3 Bd6 7.e4 dxe4 8.Nxe4 Nxe4
9.Bxe4 e5 10.O-O O-O 11.Bc2 exd4 12.Qxd4 Be7 13.Re1 Bf6 14.Qe4 g6 15.Bh6 Bxb2
16.Bxf8 Qxf8 17.Rad1 Nc5 18.Qh4 Bd7 19.Ng5 Qg7 20.Ne4 Bf5 21.Nxc5 Bf6 22.Qf4 Bxc2
23.Rd7 b5 24.Rxa7 Rd8 25.Nb7 Rf8 26.Nd6 bxc4  1-0

[Event "Staufer-Open 11th"]
[Site "Schwaebisch Gmuend"]
[Date "1999.??.??"]
[Round "5"]
[White "Unrath, Heiko"]
[Black "Weber, Klaus"]
[Result "1/2-1/2"]
[WhiteElo "2255"]
[BlackElo "2025"]

1.d4 d5 2.Nf3 Nf6 3.c4 e6 4.Nc3 c6 5.e3 Bb4 6.Bd2 O-O 7.Bd3 dxc4 8.Bxc4 b5
9.Bd3 a6 10.a3 Be7 11.Qc2 Nbd7 12.Ne4 Bb7 13.b4 Qb8 14.Bc3 Nd5 15.Bd2 a5
16.Nc5 Bxc5 17.bxc5 h6 18.O-O Rc8 19.g3 e5 20.Bf5 N5f6 21.dxe5 Nxe5 22.Nxe5 Qxe5
23.Bxc8 Bxc8 24.Qc3 Qd5 25.f3 Bh3 26.Rf2 Nd7 27.Rc1 b4 28.axb4 axb4 29.Qd4 Qxd4
30.exd4 b3 31.Bc3 Be6 32.Ra1 Rb8 33.Rb2 Bd5 34.Kf2 g5 35.Ra4 Nf6 36.g4 Kg7
37.Kg3 h5 38.h3 h4+ 39.Kf2 Nd7 40.Ra6 Kg6 41.Ba5 Nf8 42.Bd2 Ne6 43.Be3 Rb4
44.Rb6 Ra4 45.R2xb3 Bxb3 46.Rxb3 Ra2+ 47.Kf1 Ra1+ 48.Ke2 Ra2+ 49.Kd3 Nc7
50.Rb6 Ra3+ 51.Ke4  1/2-1/2

[Event "Staufer-Open 11th"]
[Site "Schwaebisch Gmuend"]
[Date "1999.??.??"]
[Round "8"]
[White "Arbakov, Valentin"]
[Black "Bagaturov, Giorgi"]
[Result "1-0"]
[WhiteElo "2475"]
[BlackElo "2540"]

1.Nf3 Nf6 2.c4 e6 3.Nc3 d5 4.d4 c6 5.e3 Nbd7 6.Bd3 dxc4 7.Bxc4 b5 8.Bd3 Bb7
9.O-O a6 10.e4 c5 11.d5 Qc7 12.dxe6 fxe6 13.Ng5 Qc6 14.Qe2 h6 15.Nf3 Bd6
16.Nxb5 axb5 17.e5 Bxe5 18.Bxb5 Bxh2+ 19.Kxh2 Qd6+ 20.Kg1 O-O 21.Nh4 Rf7
22.Ng6 Nd5 23.Re1 Ba6 24.Bxa6 Rxa6 25.Bd2 Rf6 26.Nh4 Ra4 27.Nf3 Qc6 28.Rec1 Nf4
29.Bxf4 Rfxf4 30.Rc3 Rg4 31.b3 Rae4 32.Re3 Rxe3 33.Qxe3 Re4 34.Qc3 Nf6 35.Rc1 Qa6
36.a4 Rb4 37.Nd2 Rd4 38.Nc4 Nd5 39.Qf3 Rf4 40.Qe2 Rd4 41.g3 Kh8 42.Re1 Nb4
43.Qxe6 Qxe6 44.Rxe6 Rd1+ 45.Kg2 Rb1 46.Na5 Kh7 47.Re5 Rb2 48.Rxc5 Nd3 49.Rc3 Rxf2+
50.Kg1 Rd2 51.Nc6 Nf2 52.a5 Ra2 53.b4 Ne4 54.Rd3 Rc2 55.b5 Rc5 56.a6 Rxb5
57.a7 Rb1+ 58.Kg2 Rb2+ 59.Kf3 Ng5+ 60.Ke3 Ra2 61.Rd8 Ra3+ 62.Ke2 Ra2+ 63.Kd3 Ra3+  1-0

[Event "Schwarzach op-A"]
[Site "Schwarzach"]
[Date "1999.??.??"]
[Round "1"]
[White "Wieser, Rupert"]
[Black "Zoler, Dan"]
[Result "0-1"]
[WhiteElo "2120"]
[BlackElo "2525"]

1.d4 Nf6 2.c4 e6 3.Nf3 d5 4.Nc3 c6 5.e3 Nbd7 6.Qc2 Bd6 7.b3 O-O 8.Be2 Re8
9.O-O dxc4 10.bxc4 e5 11.Rd1 Qe7 12.Rb1 e4 13.Nd2 Nf8 14.Nf1 Ng6 15.f3 exf3
16.gxf3 Qe6 17.Bd3 Qh3 18.Qf2 Qh6 19.Bd2 Nh4 20.Ng3 Nh5 21.Be2 Qg6 22.f4 Nf6
23.Kh1 Ng4 24.Bxg4 Bxg4 25.Rf1 Bf3+ 26.Kg1 b6 27.e4 Bxe4 28.Nxe4 Rxe4 29.Rfd1 Rxd4
30.Qe2 Nf5 31.Kf2 h5 32.Nxh5 Rxd2 33.Qxd2 Bc5+  0-1

[Event "Schwarzach op-B"]
[Site "Schwarzach"]
[Date "1999.??.??"]
[Round "7"]
[White "Schweiger, Wolfgang"]
[Black "Rabensteiner, Klaus"]
[Result "1/2-1/2"]
[WhiteElo "1775"]
[BlackElo "1830"]

1.d4 d5 2.c4 e6 3.Nc3 Nf6 4.Nf3 c6 5.e3 Nbd7 6.Bd3 g6 7.O-O Bg7 8.b3 O-O
9.Bb2 Nh5 10.e4 dxe4 11.Nxe4 b6 12.Rc1 Qc7 13.Qd2 Nhf6 14.Nxf6+ Nxf6 15.Ne5 Bb7
16.f4 Rad8 17.Qe3 Rfe8 18.b4 Bf8 19.f5 exf5 20.Bxf5 Nd7 21.Bxd7 Rxd7 22.Qc3 Rde7
23.Rce1 Bg7 24.Nf3 c5 25.Rxe7 Qxe7 26.bxc5 bxc5 27.Qa3 Bxf3 28.Rxf3 Qe1+
29.Rf1 Qe3+ 30.Qxe3 Rxe3 31.Bc1 Re2 32.dxc5 Bd4+ 33.Kh1 Bxc5 34.Bh6 f5 35.h3 Rxa2
36.Rd1 Kf7 37.Rd7+ Ke6 38.Rxh7 Rc2 39.Rg7 Kf6 40.Rd7 Rxc4 41.Rc7 Ke6 42.Rc6+ Kd5
43.Rxg6 Bd6 44.g4 fxg4 45.Rxg4 Rxg4 46.hxg4 a5 47.Kg2 a4 48.Bc1 Kc4 49.g5 Kb3
50.g6 Be5 51.Bf4 Bg7 52.Bd6  1/2-1/2

[Event "Sportland-NRW-Cup"]
[Site "Senden"]
[Date "1999.??.??"]
[Round "3"]
[White "Muessig, Guido"]
[Black "Pedersen, Daniel Vesterbaek"]
[Result "0-1"]
[WhiteElo "2170"]
[BlackElo "2310"]

1.d4 d5 2.Nf3 Nf6 3.c4 c6 4.Nc3 e6 5.e3 Nbd7 6.Qc2 Bd6 7.Be2 O-O 8.O-O dxc4
9.Bxc4 a6 10.a4 c5 11.Rd1 Qe7 12.h3 Rd8 13.e4 cxd4 14.Rxd4 b6 15.Bg5 Bb7
16.Qe2 Ne5 17.Nxe5 Bxe5 18.Rxd8+ Qxd8 19.Rd1 Qc7 20.Bd3 h6 21.Bd2 Rd8 22.Be1 a5
23.Nb5 Qc5 24.Bd2 Bxe4 25.Bxe4 Nxe4 26.Be3 Rxd1+ 27.Qxd1 Qb4 28.Bxb6 Qxb2
29.g3 Qb4 30.Kg2 Nd2 31.Qe2 Nc4 32.Bxa5 Qxa4 33.Bc3 Qxb5 34.Bxe5  0-1

[Event "Sportland-NRW-Cup"]
[Site "Senden"]
[Date "1999.??.??"]
[Round "5"]
[White "Huster, Markus"]
[Black "Pedersen, Daniel Vesterbaek"]
[Result "0-1"]
[WhiteElo "2210"]
[BlackElo "2310"]

1.d4 d5 2.c4 c6 3.Nf3 Nf6 4.e3 e6 5.Nc3 Nbd7 6.Qc2 Bd6 7.Bd2 O-O 8.O-O-O dxc4
9.Bxc4 b5 10.Bd3 Bb7 11.e4 e5 12.dxe5 Bxe5 13.Kb1 b4 14.Na4 c5 15.Bg5 Qa5
16.Nxe5 Nxe5 17.Bxf6 Nxd3 18.Qxd3 Qxa4 19.Bg5 b3 20.axb3 Qxe4 21.f3 Qe5 22.Bh4 Bc8
23.g4 Be6 24.Bg3 Qf6 25.Rc1 Rfd8 26.Qc3 Qg6+ 27.Qc2 Rd3 28.Rhd1 Rad8 29.Rxd3 Rxd3
30.Ka1 Bxb3 31.Qxc5 Qa6+ 32.Qa3 Qb7 33.Qc5 Be6 34.b4 Qa6+ 35.Qa5 Ra3+  0-1

[Event "Sevilla op"]
[Site "Sevilla"]
[Date "1999.??.??"]
[Round "2"]
[White "Yakovich, Yuri"]
[Black "Exposito Cabrera, Joaquin"]
[Result "1-0"]
[WhiteElo "2560"]
[BlackElo "2160"]

1.d4 Nf6 2.c4 e6 3.Nf3 d5 4.Nc3 c6 5.e3 Bb4 6.Bd3 Nbd7 7.a3 dxc4 8.Bxc4 Nb6
9.Bd3 Bd6 10.e4 Bb8 11.O-O e5 12.Nxe5 Qxd4 13.Nf3 Qd8 14.Bg5 h6 15.Bh4 g5
16.Bg3 Bg4 17.Bxb8 Qxb8 18.e5 Nfd7 19.h3 Bxf3 20.Qxf3 Nxe5 21.Qf6 Rg8 22.Bf5 Ng6
23.Rfe1+ Kf8 24.Bxg6 Rxg6 25.Qh8+ Rg8 26.Qxh6+ Rg7 27.Ne4 Nd5 28.Nxg5 Kg8
29.Re4 Nf4 30.Rae1 Qd8 31.Nxf7 Rxg2+ 32.Kh1 Qd7 33.Qh8+ Kxf7 34.Rxf4+ Kg6
35.Rf6+  1-0

[Event "Sevilla op"]
[Site "Sevilla"]
[Date "1999.??.??"]
[Round "5"]
[White "Kolev, Atanas"]
[Black "Gil Gonzales, Jose Manuel"]
[Result "1-0"]
[WhiteElo "2550"]
[BlackElo "2385"]

1.Nf3 d5 2.d4 Nf6 3.c4 c6 4.Nc3 e6 5.e3 Nbd7 6.Qc2 a6 7.b3 Bd6 8.Bb2 Qe7
9.Bd3 O-O 10.O-O dxc4 11.bxc4 e5 12.h3 h6 13.Nh4 Bc7 14.Nf5 Qd8 15.Ba3 Re8
16.d5 cxd5 17.Nxd5 Nxd5 18.cxd5 Nf6 19.d6 Ba5 20.Ne7+ Kh8 21.Bc4 Rf8 22.Qb3 Qe8
23.Nxc8 Rxc8 24.d7 Qxd7 25.Bxf8 Rxf8 26.Qa3 Rc8 27.Qxa5 Rxc4 28.Qxe5 Re4
29.Qc5 Qe6 30.Rac1 g5 31.Rfd1 Kg7 32.Rd6 Qxa2 33.Qf5 Re6 34.Rxe6  1-0

[Event "Sevilla op"]
[Site "Sevilla"]
[Date "1999.??.??"]
[Round "6"]
[White "Pogorelov, Ruslan"]
[Black "Flores Escuin, Sadurni"]
[Result "1-0"]
[WhiteElo "2450"]
[BlackElo "2160"]

1.Nf3 Nf6 2.c4 c6 3.Nc3 d5 4.d4 e6 5.e3 Nbd7 6.Qc2 Bd6 7.Bd3 dxc4 8.Bxc4 b5
9.Bd3 Bb7 10.O-O Rc8 11.a3 a6 12.b4 O-O 13.Ne4 Nxe4 14.Bxe4 Nf6 15.Bd3 Qe7
16.e4 e5 17.dxe5 Bxe5 18.Nxe5 Qxe5 19.Bb2 Qf4 20.g3 Qh6 21.f4 c5 22.bxc5 Rfd8
23.Rad1 Ng4 24.Qe2 Qh3 25.Bb1 Re8 26.Rd2 Rxc5 27.Rfd1 Rcc8 28.e5 Nh6 29.Qd3 g6
30.e6 Qxe6 31.Qd4 Qe3+ 32.Qxe3 Rxe3 33.Rd8+ Re8 34.Rxe8+ Rxe8 35.h3 Nf5 36.Kf2 Bc6
37.Be5 Ng7 38.Ba2 Ne6 39.Rd6 Bb7 40.Bxe6 fxe6 41.Rd7 Be4 42.Ke3 Bb1 43.Rg7+ Kf8
44.Rxh7 g5 45.Ra7 gxf4+ 46.Kxf4 Bf5 47.g4 Bd3 48.Kg5  1-0

[Event "Sevilla op"]
[Site "Sevilla"]
[Date "1999.??.??"]
[Round "8"]
[White "Pogorelov, Ruslan"]
[Black "Melero Fidalgo, J."]
[Result "1-0"]
[WhiteElo "2450"]
[BlackElo "2030"]

1.Nf3 d5 2.d4 Nf6 3.c4 e6 4.Nc3 c6 5.e3 Bd6 6.Bd3 Nbd7 7.O-O O-O 8.e4 dxc4
9.Bxc4 e5 10.a3 h6 11.h3 Re8 12.Re1 Qc7 13.Ba2 exd4 14.Nxd4 Nf8 15.Qf3 Be5
16.Be3 Ng6 17.Rad1 Nh4 18.Qe2 Nxe4 19.Nxe4 Bh2+ 20.Kh1 Rxe4 21.Qd3 Qe5 22.Bd2 Bxh3
23.Qxh3 Qxd4 24.Bc3 Rxe1+ 25.Rxe1 Qxf2 26.Kxh2 Ng6 27.Qg4 Kh8 28.Re2 Qf1
29.Qd4 f6 30.Rf2 Qb5 31.Rxf6 Qh5+ 32.Kg1 Re8  1-0

[Event "Sevilla op"]
[Site "Sevilla"]
[Date "1999.??.??"]
[Round "8"]
[White "Biedma, E."]
[Black "Vila, Aurelio"]
[Result "1-0"]
[WhiteElo "2195"]
[BlackElo "2255"]

1.d4 d5 2.Nf3 c6 3.c4 e6 4.Nc3 Nf6 5.e3 Nbd7 6.Bd3 Bd6 7.O-O e5 8.cxd5 cxd5
9.Nb5 Bb8 10.dxe5 Nxe5 11.Be2 O-O 12.b3 a6 13.Nbd4 Qd6 14.Bb2 Bg4 15.g3 Bh3
16.Re1 Ne4 17.Rc1 Qf6 18.Ba1 Ng4 19.Nc6 Qd6 20.Qd4 f6 21.Qxd5+ Qxd5 22.Ne7+ Kh8
23.Nxd5 Bd6 24.Nf4 Ngxf2 25.Nxh3 Nxh3+ 26.Kg2 Nhg5 27.Nxg5 Nxg5 28.Bd4 Rac8
29.Bc4 Ba3 30.Rcd1 b5 31.Bd3 Rfd8 32.Bf5 Rc6 33.h4 Nf7 34.g4 Rcd6 35.Rb1 a5
36.Re2 Nh6 37.Rf1 Re8 38.Rc2 g6 39.Bc8 Kg8 40.Rxf6 Rxf6 41.Bxf6 Rxe3 42.Bg5  1-0

[Event "Sevilla op"]
[Site "Sevilla"]
[Date "1999.??.??"]
[Round "8"]
[White "Macias, F."]
[Black "Durao, Joaquim"]
[Result "0-1"]
[WhiteElo "2030"]
[BlackElo "2170"]

1.d4 d5 2.c4 c6 3.Nc3 Nf6 4.Nf3 e6 5.e3 Nbd7 6.cxd5 exd5 7.Bd3 Bd6 8.O-O O-O
9.b3 Re8 10.Qc2 Qe7 11.Nd2 Bb4 12.Bb2 Nf8 13.Rfe1 Bg4 14.e4 dxe4 15.Ncxe4 Nd5
16.a3 Ba5 17.b4 Bc7 18.h3 Bh5 19.Ng3 Qxe1+ 20.Rxe1 Rxe1+ 21.Ngf1 Nf4 22.b5 Be2
23.Bxe2 Nxe2+ 24.Kh1 Bf4 25.g3 Bxd2 26.Qxd2 Rxf1+ 27.Kg2 Rg1+ 28.Kh2 Re8
29.d5 cxd5 30.Qxd5 Rb1 31.Be5 Ng1 32.Bf4 Ne2 33.Qxb7 Nxf4 34.gxf4 Re2 35.Kg3 Rb3+
36.Kg2 Rxa3 37.Kf1 Raa2 38.Kg2 Rxf2+ 39.Kg3 Rfb2 40.Qd5 Ra3+ 41.Kh4 Ra5 42.Qa8 Rbxb5
43.Qc6 Ng6+ 44.Kg4 h5+ 45.Kf3 Ra3+  0-1

[Event "Villa de Sitges 35th"]
[Site "Sitges"]
[Date "1999.??.??"]
[Round "8"]
[White "Skembris, Spyridon"]
[Black "Fressinet, Laurent"]
[Result "0-1"]
[WhiteElo "2475"]
[BlackElo "2440"]

1.d4 d5 2.c4 c6 3.Nf3 Nf6 4.Nc3 e6 5.e3 Nbd7 6.Qc2 Bd6 7.Bd3 O-O 8.O-O dxc4
9.Bxc4 b5 10.Be2 Bb7 11.Rd1 Qb8 12.e4 e5 13.Bg5 Re8 14.dxe5 Bxe5 15.Nxe5 Qxe5
16.Be3 b4 17.Na4 c5 18.Nxc5 Nxc5 19.Qxc5 Qxb2 20.Bc4 Rac8 21.Qb5 Bc6 22.Qa6 Nxe4
23.Qxa7 Qf6 24.Qd4 Qg6 25.f3 Nc3 26.Bd3 f5 27.Rf1 Rcd8 28.Bc4+ Kh8 29.Qb6 Rb8
30.Qd4 Bd5 31.Bf4 Rbd8 32.Rae1 Bg8 33.Rxe8 Qxe8 34.Qc5 Rc8 35.Bc7 Bxc4 36.Qxc4 Qd7
37.Re1 h6 38.Qxb4 Qxc7 39.a3 Qc5+ 40.Qxc5 Rxc5 41.Re3 Nd5 42.Re5 g6 43.h4 Kg7
44.h5 Kf6 45.Re8 gxh5 46.Rh8 Kg7 47.Ra8 Rc2 48.g3 Ra2 49.f4 h4 50.Ra5 Ne3
51.gxh4 Kg6 52.a4 Kh5 53.Ra6 Ng4 54.a5 Kxh4 55.Kf1 Kg3 56.Ke1 h5 57.Ra8 h4  0-1

[Event "St Lorrain"]
[Site "St Lorrain"]
[Date "1999.??.??"]
[Round "1"]
[White "Assad, Karine"]
[Black "Mullon, Jean Baptiste"]
[Result "0-1"]
[WhiteElo "2000"]
[BlackElo "2180"]

1.d4 d5 2.c4 c6 3.e3 Nf6 4.Nc3 e6 5.Nf3 Nbd7 6.cxd5 exd5 7.Bd3 Bd6 8.Qc2 O-O
9.O-O Re8 10.Rb1 Qe7 11.a3 Ne4 12.Ne2 Ndf6 13.Ng3 Ng4 14.b4 a6 15.Bxe4 dxe4
16.Nd2 Qh4 17.h3 Nxf2 18.Rxf2 Bxg3 19.Rf1 Bxh3 20.gxh3 Qxh3 21.Nc4 Re6 22.Qg2 Bf2+
23.Rxf2 Rg6 24.Bd2 f6 25.Nd6 Rd8 26.Nxe4 Rd5 27.Qxg6 hxg6 28.Rg2 Qf5 29.Nc3 Qd3
30.Rf1 Rf5 31.Rxf5 gxf5 32.Na4 f4 33.Nc5 Qb1+ 34.Kh2 Qh7+ 35.Kg1 f3 36.Rg3 Qb1+
37.Kf2 Qd1 38.Nxb7 Qe2+ 39.Kg1 f2+  0-1

[Event "St Lorrain Masters"]
[Site "St Lorrain"]
[Date "1999.??.??"]
[Round "1"]
[White "Amoyal, Pierre"]
[Black "Gentilleau, Jean Philippe"]
[Result "1-0"]
[WhiteElo "2190"]
[BlackElo "2165"]

1.d4 d5 2.c4 e6 3.Nc3 Nf6 4.Nf3 c6 5.e3 Nbd7 6.Qc2 Bd6 7.g4 h6 8.Bd2 Qe7
9.h3 a6 10.O-O-O dxc4 11.e4 Bc7 12.g5 Nh5 13.Bxc4 b5 14.Bd3 Nf4 15.e5 Nxd3+
16.Qxd3 Bb7 17.gxh6 gxh6 18.Rhg1 O-O-O 19.Qe2 c5 20.Bf4 cxd4 21.Nxd4 f6 22.Nf3 fxe5
23.Bg3 Qf6 24.Ne4 Qf5 25.Nfd2 Nb6 26.Rge1 Rd4 27.Nc5 Nc4 28.Nxb7 Kxb7 29.Ne4 Rxd1+
30.Rxd1 Rd8 31.Rxd8 Bxd8 32.b3 Bg5+ 33.Kd1 Qxh3 34.bxc4 Qh1+ 35.Qe1 Qf3+
36.Qe2 Qh1+ 37.Qe1 Qf3+ 38.Kc2 Qa3 39.Qb1 Qa4+ 40.Qb3 Qa5 41.cxb5 axb5 42.a3 Qe1
43.Qxb5+ Kc8 44.Qc6+ Kd8 45.Qd6+ Ke8 46.Qxe6+ Kf8 47.Qf5+  1-0

[Event "St Lorrain Masters"]
[Site "St Lorrain"]
[Date "1999.??.??"]
[Round "3"]
[White "Amoyal, Pierre"]
[Black "Dumitrache, Dragos"]
[Result "0-1"]
[WhiteElo "2190"]
[BlackElo "2435"]

1.d4 d5 2.c4 e6 3.Nf3 c6 4.Nc3 Nf6 5.e3 Nbd7 6.Qc2 b6 7.Bd3 Bb7 8.O-O Be7
9.e4 dxe4 10.Nxe4 c5 11.dxc5 Nxc5 12.Nxc5 bxc5 13.Rd1 Qc7 14.Bg5 h6 15.Bh4 Bxf3
16.gxf3 O-O 17.Bg3 Qb6 18.Kh1 Rad8 19.Rg1 Nd7 20.Bf4 Kh8 21.b3 f5 22.Rae1 Bf6
23.Rg6 Rf7 24.Qe2 Nf8 25.Rg2 Rfd7 26.Bb1 Qc6 27.Reg1 Nh7 28.Rg6 Ng5 29.Bxg5 hxg5
30.h4 Kh7 31.h5 Rd2 32.Qe3 R2d4 33.Re1 Rh4+ 34.Kg2 Rdd4 35.Rxf6 Rdg4+ 36.Kf1 Rh1+
37.Ke2 Rxe1+ 38.Kxe1 Rg1+  0-1

[Event "St Lorrain Masters"]
[Site "St Lorrain"]
[Date "1999.??.??"]
[Round "5"]
[White "Gentilleau, Jean Philippe"]
[Black "Coursaget, Nicolas"]
[Result "1/2-1/2"]
[WhiteElo "2165"]
[BlackElo "2240"]

1.d4 Nf6 2.Nf3 d5 3.c4 c6 4.e3 e6 5.Nc3 Nbd7 6.Qc2 Bd6 7.Be2 O-O 8.O-O dxc4
9.Bxc4 e5 10.Rd1 Qe7 11.e4 exd4 12.Nxd4 Ne5 13.Bf1 Bg4 14.f3 Bc5 15.Kh1 Rad8
16.Be3 Bc8 17.Nce2 Bb6 18.a4 Qc7 19.Qc3 a5 20.Bg5 Neg4 21.fxg4 Nxg4 22.Bf4 Nf2+
23.Kg1 Nxd1 24.Bxc7 Nxc3 25.Bxb6 Nxe2+ 26.Bxe2 Rd7 27.Nf3 Re8 28.e5 g5 29.g4 h5
30.gxh5 g4 31.Ne1 Rxe5 32.Bc4 Rd2 33.h6 Rh5 34.Bc7 Rxb2 35.Rd1 Be6 36.Rd8+ Kh7
37.Bd3+ Bf5 38.Be5 Ra2 39.Rh8+ Kg6 40.Rg8+ Kxh6 41.Rh8+ Kg5 42.Rxh5+ Kxh5
43.Bxf5 Rxa4 44.Nd3 Kg5 45.Bc8 b5 46.Kf2 f6 47.Bg3 f5 48.Ke3 Re4+ 49.Kd2 a4
50.Bd7 a3 51.Kc3 a2 52.Kb2 Rd4 53.Nc5 Rd2+ 54.Ka1 Rc2 55.Nd3 b4 56.Nxb4 Rd2
57.Bxc6 f4 58.Nxa2 fxg3 59.hxg3 Rd3 60.Kb2 Rxg3 61.Nc3 Rh3 62.Kc2  1/2-1/2

[Event "St Lorrain Masters"]
[Site "St Lorrain"]
[Date "1999.??.??"]
[Round "7"]
[White "Amoyal, Pierre"]
[Black "Carton, Camille"]
[Result "1/2-1/2"]
[WhiteElo "2190"]
[BlackElo "2240"]

1.d4 d5 2.c4 e6 3.Nc3 c6 4.e3 Nf6 5.Nf3 Nbd7 6.Bd3 Bd6 7.O-O O-O 8.e4 dxc4
9.Bxc4 e5 10.Bg5 Qc7 11.Rc1 exd4 12.Qxd4 Ng4 13.h3 Nge5 14.Nxe5 Bxe5 15.Qd2 Nc5
16.Rfe1 Ne6 17.Bxe6 Bxe6 18.f4 f6 19.fxe5 fxg5 20.Qd6 Qb6+ 21.Kh2 Rfe8 22.Na4 Qb5
23.Nc5 Rad8 24.Qc7 Bc4 25.Nxb7 Rc8 26.Qa5 Qxb7 27.Rxc4 Qxb2 28.Qxa7 Qxe5+
29.Kh1 g4 30.Qc5 gxh3 31.gxh3 Qe6 32.Re3 Red8 33.Rd4 Qxa2 34.Red3 Rxd4 35.Rxd4 Rf8
36.Qc4+ Qxc4 37.Rxc4 Rf6 38.Kg2 Kf7 39.Kg3 Ke7 40.e5 Rh6 41.h4 Kd7 42.Kg4 Re6
43.Kf5 g6+ 44.Ke4 Kc7 45.Rc1 Kd7 46.Ra1 Re7 47.Rd1+ Kc7  1/2-1/2

[Event "Sulzfeld op 10th"]
[Site "Sulzfeld"]
[Date "1999.??.??"]
[Round "2"]
[White "Prestel, Oliver"]
[Black "Pek, Istvan"]
[Result "1-0"]
[WhiteElo "2220"]
[BlackElo "1845"]

1.Nf3 d5 2.d4 Nf6 3.c4 c6 4.Nc3 e6 5.e3 Bd6 6.Qc2 Nbd7 7.g4 Nxg4 8.Rg1 Ngf6
9.Rxg7 h6 10.cxd5 exd5 11.Bd3 Nf8 12.Bd2 Be6 13.O-O-O Qc7 14.Na4 O-O-O 15.Nc5 Kb8
16.Ne5 Bxc5 17.dxc5 Qxe5 18.Bc3 d4 19.Bxd4 Rxd4 20.exd4 Qf4+ 21.Kb1 Nd5 22.a3 Qxd4
23.Rg3 Nd7 24.Rc1 Ne5 25.Bf5 Qf4 26.Bxe6 fxe6 27.Re1 Re8 28.Rg7 Nf3 29.Qh7 Nc7
30.Re3 Nd2+ 31.Kc2 Rd8 32.Rd3 Qc4+ 33.Kxd2 Rxd3+ 34.Qxd3 Qf4+ 35.Qe3 Qf8
36.Qg3 Qd8+ 37.Qd6 Qc8 38.Rd7  1-0

[Event "Sutton op"]
[Site "Sutton"]
[Date "1999.??.??"]
[Round "2"]
[White "Punnett, Alan Kenneth"]
[Black "Basman, Michael J"]
[Result "1/2-1/2"]
[WhiteElo "2160"]
[BlackElo "2351"]

1.d4 d5 2.c4 e6 3.Nc3 c6 4.e3 Nf6 5.Nf3 Nbd7 6.Bd3 Bb4 7.O-O O-O 8.Qc2 dxc4
9.Bxc4 b5 10.Bd3 a6 11.Ne4 Bb7 12.a3 Be7 13.Rd1 Qb6 14.b4 a5 15.Bd2 axb4
16.Bxb4 Bxb4 17.axb4 Nd5 18.Qb3 Qc7 19.Nc3 Qd6 20.Nxd5 exd5 21.Bc2 Nb6 22.Ne5 g6
23.Nd3 Rae8 24.Nc5 Bc8 25.Ra7 Nc4 26.Qc3 Qf6 27.Re1 Bf5 28.Bxf5 Qxf5 29.Rea1 Rd8
30.Qd3 Qc8 31.h3 Rfe8 32.Qe2 Qf5 33.g4 Qf6 34.R1a2 Kg7 35.Kg2 Rd6 36.Qf3 Qxf3+
37.Kxf3 g5 38.Rc7 Rf6+ 39.Kg3 h6 40.Ra6 Nxe3 41.fxe3 Rxe3+ 42.Kg2 Re2+ 43.Kg3  1/2-1/2

[Event "SVK-chT 9899"]
[Site "SVK"]
[Date "1999.??.??"]
[Round "7"]
[White "Irsai, Jevgenij"]
[Black "Lisko, Frantisek"]
[Result "1-0"]
[WhiteElo "2280"]
[BlackElo "2325"]

1.d4 d5 2.Nf3 Nf6 3.c4 e6 4.Nc3 c6 5.e3 Nbd7 6.a3 b6 7.cxd5 exd5 8.Bd3 Bd6
9.O-O O-O 10.Bd2 Re8 11.Qa4 Bb7 12.Rac1 Ne4 13.Be1 Re6 14.Ne2 a5 15.Qc2 Qf6
16.b4 axb4 17.axb4 Qh6 18.Ng3 Bxg3 19.hxg3 Ndf6 20.Nh2 Ra3 21.Be2 Nxg3 22.fxg3 Qxe3+
23.Rf2 Ne4 24.Ng4 Qg5 25.Rf3 Ra8 26.Ne5 Ra2 27.Qxa2 Qxc1 28.Nd3 Nc3 29.Qa7 Nxe2+
30.Kf2  1-0